|
|
|
|
| LEADER |
01330nam a22003132a 4500 |
| 001 |
000256847 |
| 003 |
CZ BrMZK |
| 005 |
20070710082944.0 |
| 007 |
ta |
| 008 |
970107s1985 xr f cze d |
| 015 |
|
|
|a cnb000025548
|
| 035 |
|
|
|a (OCoLC)39600304
|
| 040 |
|
|
|a BOA001
|b cze
|
| 080 |
9 |
|
|a 502.34
|
| 080 |
9 |
|
|a 352(437)
|
| 100 |
1 |
|
|a Blecha, Václav,
|c životní prostředí
|4 aut
|
| 245 |
1 |
0 |
|a Zkušenosti a perspektivy v péči o životní prostředí v ČSR.
|n Díl 1,
|p Zkušenosti /
|c zpracoval Václav Blecha
|
| 246 |
3 |
0 |
|a Zkušenosti
|
| 250 |
|
|
|a 1. vyd.
|
| 260 |
|
|
|a Praha :
|b Státní nakladatelství technické literatury,
|c 1985
|
| 300 |
|
|
|a 260 s.
|
| 856 |
4 |
1 |
|u http://www.digitalniknihovna.cz/mzk/uuid/uuid:59b9cb10-325a-11e2-824c-005056827e51
|y Digitalizovaný dokument
|x NDK
|
| 910 |
|
|
|a BOA001
|b PK-0099.732,1
|b 2-0888.264,1
|
| 964 |
|
|
|a Prostředí životní - péče - ČSR - zkušenosti
|
| 964 |
|
|
|a Prostředí životní - tvorba - potřeby - prognózy - studie
|
| 990 |
|
|
|a BK
|
| 996 |
7 |
|
|b 2619287075
|c 2-0888.264,1
|l MZK
|r Sklad / do 1 hodiny
|n 0
|w 000256847
|u 000030
|a 1
|e BOA001
|j MZK50
|s A
|
| 996 |
6 |
|
|b 2619287076
|c 2-0888.264,1
|l MZK
|r Sklad / do 1 hodiny
|n 0
|w 000256847
|u 000020
|a 1
|e BOA001
|j MZK50
|s P
|
| 996 |
7 |
|
|b 3119915993
|c PK-0099.732,1
|l MZK
|r Sklad / do 1 hodiny
|n 0
|w 000256847
|u 000010
|a 1
|e BOA001
|j MZK50
|s A
|